Statistics for Countries with the Most Millionaires

Click here to take the quiz!

General Stats

  • This quiz has been taken 75,005 times
    (28,650 since last reset)
  • The average score is 17 of 20

Answer Stats

#Country% Correct
24.5 milUnited States
100%
6.19 milChina
98%
2.80 milFrance
97%
2.85 milUnited Kingdom
97%
2.68 milGermany
96%
353 kRussia
96%
2.29 milCanada
94%
3.37 milJapan
93%
1.13 milSpain
93%
796 kIndia
92%
1.41 milItaly
92%
2.18 milAustralia
89%
610 kSweden
83%
1.29 milSouth Korea
80%
1.15 milSwitzerland
80%
1.15 milNetherlands
75%
589 kBelgium
72%
385 kDenmark
70%
347 kNew Zealand
70%
869 kTaiwan
51%

Score Distribution

Percentile by Number Answered

Percent of People with Each Score

Your Score History

You have not taken this quiz since the last reset